Quizzes
Events
Quiz Creation
Community
Videos
Private Events
Remove Ads
Sign In
Join for FREE
Feedback
Dark Mode
Quiz Categories
Sports
Geography
Music
Movies
Television
Just For Fun
Miscellaneous
History
Literature
Language
Science
Gaming
Entertainment
Religion
Holiday
For Kids
Quiz Lab
Recent
Popular Today
Quiz Kudos Today
Editor Picks
Curator Picks
Quizzes by...
Day
Popularity
Type
Ratings
Length
Year
Community
Subscriptions
Recent Discussions
Orange Saloon
Badges
Playlists
Quests
Create
Leaderboards
Showdown
Live 5
Trivia Bingo
Activity
Puzzle Library
Sporcle Events
Private Events
Virtual Trivia
Globe League
Become a Host
Pub Owners
SporcleCon
Opinionation
Our Games
Videos
Blog
Mobile Apps
Partnerships
Remove Ads and Go Orange
Feedback
Entertainment
Celebrity
Famous
Musical
Broadway
Show
Quote
Comic Books
Anime
Superhero
DC Comics
Marvel
Cartoons
Animation
Entertainment
Celebrity
Famous
Musical
Broadway
Show
Quote
Comic Books
Anime
Superhero
DC Comics
Marvel
Cartoons
Animation
Random Quiz
Search Sporcle
×
Quiz Lab
Quiz Lab
Entertainment
Definition
Type in answers that appear in a list
Type in answers that appear in a list
Classic
Best Score? Go Orange.
Ballet Terms Stats
Can you name the Ballet Term?
By
actorsnightmare1
20m
90 Questions
253 Plays
253 Plays
253 Plays
Comments
Comments
Give Quiz Kudos
Give Quiz Kudos
-
- Ratings
hide this ad
Random Order
Randomize order of answers
Randomize order of answers
Replay
Link that replays current quiz
Next Quiz
Link to next quiz in quiz playlist
You Got
0%
They Got
Avg Score
24%
Avg Friend Score
Upgrade to see
Score Distribution
Jump to the score distribution portion of the page
Score
0/90
Timer
20:00
0
Plays Today
Definition
Terms
% Correct
Step of the cat
Pas de chat
68.7%
Bent
Plie
68.3%
To melt
Fondu
67.5%
To Throw
Jete
61.9%
To Chase
Chasse
61.1%
Whirl or spin
Pirouette
60.7%
To assemble
Assemble
58.3%
To Glide
Glissade
57.1%
To Hit or strike
Frappe
52.4%
Stretched
Tendu
51.6%
To cut
Coupe
50.4%
Carriage of the arms
Port de bras
49.2%
Raised in
Releve
49.2%
Step of two
Pas de Deux
45.6%
Slow movements mainly working the classical line, flexibility, strength, stamina, balance, and poise
Adagio
44%
Half bend
Demi-Plie
43.3%
Step of the horse
Pas de cheval
43.3%
The longest line in ballet
Arabesque
42.5%
To Escape
Echappe
42.5%
To jump
Saute
42.5%
Whipped
Fouette
42.1%
To Fall
Tombe
41.7%
In the air
En L'air
41.3%
Bourree Step
Pas de bourre
40.9%
Outwards
en Dehors
40.5%
Behind, back
Derriere
39.7%
Five
Cinq
38.5%
To disengage
Degage
38.5%
inwards
en Dedans
35.7%
Rocking step
Balance
34.5%
Definition
Terms
% Correct
Brisk movements mainly working lightness, speed, and elevation
Allegro
34.1%
To stap
Pique
31.3%
Caper
Cabriole
28.2%
To Fold
Developpe
28.2%
In the shaoe if a criss
En Croix
27.4%
Broken
Brise
27%
Chained, link movement
Chaines
25.8%
Scissor like movement
Sissonne
25%
To turn in the air
Tour en l'air
25%
Open
Ouvert
24.6%
Forwards
en Avant
20.2%
To Sustain
Soutenu
20.2%
Bell like movement
Cloche
19.8%
Neck of the foot
Cou-de-pied
19.8%
Fish step
Pas de poisson
19.8%
Small beats around the ankle
petit Battement
19.4%
To Walk
Promenade
19%
To lean
Penche
18.7%
Shaded
Efface
18.3%
Shouldering
Epaulement
17.9%
Backwards
en Arriere
16.7%
Arched
Cambre
15.5%
Withdrawn
Retire
15.5%
Under-
over
Sous-sus
15.5%
Split Apart
Ecarte
15.1%
Closed
Ferme
14.7%
To Turn Aside
Detourne
13.5%
Ball like, bouncing movement
Ballonne
9.9%
Attack
Elan
9.5%
Giving way
Failli
9.5%
Definition
Terms
% Correct
Connected movement
Temps lie
9.5%
Over
Dessus
9.1%
Raising movement
Temps leve
9.1%
Sudden spring
Soubresaut
8.7%
Tossed
Ballotte
8.3%
Scissors
Ciseaux
8.3%
Under
Dessous
8.3%
Large Pass
Grand Passe
8.3%
Changes of the feet
Changement de pieds
7.5%
Five crossings
Entrechant cinq
7.1%
To run
Couru
6.7%
Flying Brise
Brise vole
6.3%
Boxed, fitted together
Emboite
6.3%
Seven crossings
Entrechant sept
6.3%
A tendu with the supporting leg simultaneously executing a plie
Battement tendu soutenu
5.2%
A small coupe developpe with the supporting leg simultaneously executing a plie
Battement soutenu
5.2%
Four crossings
Entrechant quatre
5.2%
Six Crossings
Entrechant six
5.2%
Step of the thigh
temps de Cuisse
4.8%
To dart
Elance
4.8%
Three crossings
Entrechant trois
4.4%
Small circle of the leg on the ground
Petit rond de jambe par terre
4.4%
Step from the 'Basque' country
Pas de baqsque
4%
Upset, tipped
Renverse
4%
Swinging movement
Balancoire
3.6%
Laced
Entrelace
3.6%
Steps done in a circle
en Manege
3.6%
To rise slowly
Releve lent
2.8%
Scissors step
Pas de cieaux
2%
Hopping
Sautille
1.2%
Quiz Playlist
Details
Report
Send in Message
Add To Playlist
Classic:
Type in answers that appear in a list
Random Order:
Randomize order of answers
Last Updated: Feb 16, 2017
Quiz Scoreboard
CHALLENGE
Sign Up to Join the Scoreboard
Show All
Scores
Hide
Comments
May contain spoilers
Recently Published
College Basketball Coaching Resumes
by pancakes188
Sports
9m
Billboard Blitz: Fleetwood Mac
by CooCooCachoo
Music
15s
Presidents Visiting Landmarks
by Hejman
History
7m
More to Explore
Quiz From the Vault
Featured Blog Post
Where Did the Easter Bunny Come From?
hide this ad
You Might Also Like...
Tags
Definition Quiz
ballet
Term
Today's Top Quizzes in Entertainment
Browse Entertainment
hide this ad
Today's Top Quizzes in Definition
Browse Definition
Top Contributed Quizzes in Entertainment
1
7-to-1: DC Comics Villains
2
Marvel Characters Bunker
3
Eurovision 2023 Logic Puzzle
4
Dragon Ball Z: Goku's Fights in Order
5
Criteria Quickie: Cartoon Taxonomy II
6
Sorting Pictures: Villains
7
Kamen Rider Motifs
8
Fictional Villains Letter U Blitz
9
Mini Trivia Sudoku: Musicals
10
Dragon Ball Z: Mega Character Search
Explore More
Trending Topics
Harry Potter
Kpop
NBA
Crossword
Anime
Disney
Marvel
WWE
NFL
Song
Country
The Office
Soccer
Pokémon
Puzzle
hide this ad
More By:
actorsnightmare1
Quiz
Plays
Rating
Category
Featured
Created
Ballet Terms
253
5.00
Entertainment
Dec 8, 2010
Go to Creator's Profile
Score Distribution
Quiz Creator Spotlight
actorsnightmare1
Follow
Send a Message
Quizzes Created
-
Created Quiz Play Count
-
More By This Creator
Popular Quizzes Today
1
Find the US States - No Outlines Minefield
2
Find the Countries of Europe - No Outlines Minefield
3
The Countries of the World
4
Find the US States
5
Risky Map Clicking: Biggest States A-Z
6
US States
7
Popular People in 1961
8
Movies - When Are They Set?
More Entertainment Quizzes
JoJo's A-Z (Easy)
Quiz Lab
Trending Quizzes
Risky Map Clicking: Least Populous States A-Z
1-10 Letter G Words
1-10 Letter F Words
Risky Map Clicking: Next State Alphabetically
Click the Washington State Counties! (Map)
Recently Updated
Leaping Animals
pecheneg
Reality TV Shows (A-Z)
bhenderson79
Rickey Henderson's Hall of Fame Teammates
pecheneg
Champions League XIs: Arsenal
pecheneg
Quick Pick: Celebrities in WWE's Hall of Fame
aduchscher
A-Z Keypad Blitz II
pecheneg
Multiple Oscar Actors
pecheneg
Mystery Phrase Blitz: Oscar 'Best Actors'
pecheneg
F. Scott Fitzgerald Novels
LTH
Pick 3 Villains
ddd62291
Trending Topics
Kpop
Harry Potter
Disney
Crossword
Marvel
NBA
Anime
WWE
Pokémon
Soccer
Country
Song
NFL
Puzzle
The Office
Your Account Isn't Verified!
In order to create a playlist on Sporcle, you need to verify the email address you used during registration. Go to your
Sporcle Settings
to finish the process.
Report this User
Report this user for behavior that violates our
Community Guidelines
.
Details:
Send Report
Go to the Sporcle.com Mobile Site →
Comments